HAND BOOK OF PATHOLOGY FOR POSTGRADUATE STUDENTS (Record no. 23956)
[ view plain ]
| 000 -LEADER | |
|---|---|
| fixed length control field | 00436nam a22001697a 4500 |
| 003 - CONTROL NUMBER IDENTIFIER | |
| control field | SGT |
| 020 ## - INTERNATIONAL STANDARD BOOK NUMBER | |
| International Standard Book Number | 9789354666872 |
| 082 ## - DEWEY DECIMAL CLASSIFICATION NUMBER | |
| Classification number | 616.07 |
| Item number | H22S |
| 100 ## - MAIN ENTRY--PERSONAL NAME | |
| Personal name | SUNDARAM, SANDHYA,ed. |
| 245 ## - TITLE STATEMENT | |
| Title | HAND BOOK OF PATHOLOGY FOR POSTGRADUATE STUDENTS |
| 250 ## - EDITION STATEMENT | |
| Edition statement | 4TH |
| 260 ## - PUBLICATION, DISTRIBUTION, ETC. (IMPRINT) | |
| Place of publication, distribution, etc | NEW DELHI |
| Name of publisher, distributor, etc | CBS PUB. |
| Year of Publication | 2022 |
| 300 ## - PAGE DESCRIPTION | |
| No. of Pages | 657 |
| 650 ## - SUBJECT ADDED ENTRY--TOPICAL TERM | |
| Topical term or geographic name as entry element | PATHOLOGY |
| 653 ## - KEYWORDS--INDEX TERM | |
| Keyword term | PATHOLOGY, POSTGRADUATE PATHOLOGY, HANDBOOK PATHOLOGY |
| 942 ## - ADDED ENTRY ELEMENTS (KOHA) | |
| Source of classification or shelving scheme | Dewey Decimal Classification |
| Koha item type | Books |
| Withdrawn status | Lost status | Source of classification or shelving scheme | Damaged status | Not for loan | Collection code | Home library | Current library | Shelving location | Date acquired | Vendor Name | Cost, normal purchase price | SGTU | Bill Number | Total Checkouts | Full call number | Accession No. (Barcode) | Date last seen | Bill Date | Koha item type |
|---|---|---|---|---|---|---|---|---|---|---|---|---|---|---|---|---|---|---|---|
| Dewey Decimal Classification | AYURVEDA | SGT FA-FP Library | SGT FA-FP Library | Text Book | 08/06/2023 | ABC PVT. | 1195.00 | SGTU | 16642 | 616.07 H22S | FA11464 | 08/06/2023 | 20/05/2023 | Books | |||||
| Dewey Decimal Classification | AYURVEDA | SGT FA-FP Library | SGT FA-FP Library | Text Book | 08/06/2023 | ABC PVT. | 1195.00 | SGTU | 16642 | 616.07 H22S | FA11465 | 08/06/2023 | 20/05/2023 | Books | |||||
| Dewey Decimal Classification | AYURVEDA | SGT FA-FP Library | SGT FA-FP Library | Text Book | 08/06/2023 | ABC PVT. | 1195.00 | SGTU | 16642 | 616.07 H22S | FA11466 | 08/06/2023 | 20/05/2023 | Books | |||||
| Dewey Decimal Classification | AYURVEDA | SGT FA-FP Library | SGT FA-FP Library | Text Book | 08/06/2023 | ABC PVT. | 1195.00 | SGTU | 16642 | 616.07 H22S | FA11467 | 08/06/2023 | 20/05/2023 | Books | |||||
| Dewey Decimal Classification | AYURVEDA | SGT FA-FP Library | SGT FA-FP Library | Text Book | 08/06/2023 | ABC PVT. | 1195.00 | SGTU | 16642 | 616.07 H22S | FA11468 | 08/06/2023 | 20/05/2023 | Books |